| 000 | 00570nam a2200241Ia 4500 | ||
|---|---|---|---|
| 005 | 20251020182447.0 | ||
| 008 | 200515s9999 xx 000 0 und d | ||
| 020 | _a987-9393-03-1 | ||
| 082 | _a608.6:306/P46 | ||
| 100 | _aPevsner, Nikolaus | ||
| 245 | 0 | _aPioneros del Diseño Moderno de William Morris a Walter Gropius | |
| 250 | _a4a ed. | ||
| 260 | _aBuenos aires | ||
| 260 | _bInfinito | ||
| 260 | _c2003 | ||
| 300 | _a208 | ||
| 300 | _bil. | ||
| 500 | _a1 ejemplar | ||
| 650 | _aDISEÑO | ||
| 650 | _aDISEÑO MODERNO | ||
| 942 | _cLIB | ||
| 999 |
_c754 _d754 |
||